000 00824nam a22002417a 4500
003 0
005 20241007100500.0
008 241007b xxu||||| |||| 00| 0 eng d
020 _a9780525646914
050 _aPZ 7
_b.B924 2021
100 _aBuckley, Michael,
_eauthor.
245 _aFinn and the time-traveling pajamas /
_cMichael Buckley.
250 _a1st ed.
260 _aNew York :
_bDelacorte Press,
_c2021.
300 _a277 p. ;
_c22 cm.
440 _aThe Finniverse series ;
_vbook 2.
520 _aAfter sixty years of trying to stop Paradox and set the universe right again, Finn time-travels to get help from his nine-year-old self.
650 _aAdventure and adventurers
_vFiction.
650 _aMonsters
_vFiction.
650 _aTime travel
_vFiction.
650 _aScience fiction.
942 _2lcc
_cBK
999 _c366463
_d366463